Ganadería; guía para la reproducción, nutricion, cria y mejora del ganado - tomo 2i /
Guardado en:
| Formato: | Libro |
|---|---|
| Publicado: |
México :
Mcgraw-hill,
1987
|
| Materias: | |
| Etiquetas: |
Agregar Etiqueta
Sin Etiquetas, Sea el primero en etiquetar este registro!
|
| LEADER | 00538nam a22001815a 4500 | ||
|---|---|---|---|
| 001 | CEM.cems016788 | ||
| 005 | 20120427172742.0 | ||
| 008 | 130507s1987##################000#0#####d | ||
| 003 | CEMS | ||
| 082 | 0 | 4 | |a 636 |
| 245 | 0 | 0 | |a Ganadería; guía para la reproducción, nutricion, cria y mejora del ganado - tomo 2i / |c , |
| 260 | |a México : |b Mcgraw-hill, |c 1987 | ||
| 300 | |a 286 p. | ||
| 653 | |a Animales-cria | ||
| 653 | |a Herencia | ||
| 653 | |a Genetica | ||
| 653 | |a Ganadería | ||
| 859 | |a CEMS |b BIB. CEMS - Agricultura |h 636 |i G15 |p A0261.00 |t Ej.1 |v III |3 III | ||
